A gallery of rogues / Beth Lincoln ; with ... Read More
Available copies
- 1 of 1 copy available at LARL/NWRL Consortium.
- 1 of 1 copy available at Northwest Regional Library. (Show preferred library)
Current holds
0 current holds with 1 total copy.
Show All Copies
| Location | Call Number / Copy Notes | Barcode | Shelving Location | Status | Due Date |
|---|---|---|---|---|---|
| Warroad Public Library | j LIN (Text) | 35500006834137 | Main | Available | - |
Record details
- ISBN: 9780593533260
- ISBN: 0593533267
- Physical Description: 370 pages : illustrations ; 22 cm.
- Publisher: New York : Dutton Children's Books, 2024.
- Copyright: ©2024
Content descriptions
| Summary, etc.: | Now that the family reunion is over and the ... Read More |
| Target Audience Note: | Ages 8-12. Penguin Random House Middle Grade. Penguin Random House |
| Study Program Information Note: | Accelerated Reader MG 6.1 14.0 550140 EN Accelerated Reader AR MG 6.1 14 550140. |
Search for related items by subject
| Genre: | Humorous fiction. Detective and mystery fiction. Novels. Mystery fiction. |
| LDR | 03429cam a2200709 i 4500 | ||
|---|---|---|---|
| 001 | 450214 | ||
| 003 | LARL_NWRL_CONSORTIUM | ||
| 005 | 20241114120114.0 | ||
| 008 | 240613t20242024nyua j 000 f eng d | ||
| 040 | . | ‡aZ#6 ‡beng ‡erda ‡cZ#6 ‡dBDX ‡dOI6 ‡dOCO ‡dOCLCO ‡dJAS ‡dILC ‡dOCLCO ‡dGO3 ‡dDCH ‡dTOH ‡dWC$ ‡dDB$ ‡dAZZPT ‡dHIR ‡dOCLCO ‡dJRS ‡dYBM | |
| 019 | . | ‡a1452452579 ‡a1455298166 ‡a1458668871 ‡a1461813441 | |
| 020 | . | ‡a9780593533260 ‡q(hardcover) | |
| 020 | . | ‡a0593533267 ‡q(hardcover) | |
| 035 | . | ‡a(OCoLC)1440012647 ‡z(OCoLC)1452452579 ‡z(OCoLC)1455298166 ‡z(OCoLC)1458668871 ‡z(OCoLC)1461813441 | |
| 043 | . | ‡ae-fr--- | |
| 082 | 0 | 4. | ‡a[Fic] ‡223 |
| 100 | 1 | . | ‡aLincoln, Beth, ‡eauthor. |
| 245 | 1 | 2. | ‡aA gallery of rogues / ‡cBeth Lincoln ; with illustrations by Claire Powell. |
| 246 | 3 | . | ‡aSwifts : ‡ba gallery of rogues |
| 264 | 1. | ‡aNew York : ‡bDutton Children's Books, ‡c2024. | |
| 264 | 4. | ‡c©2024 | |
| 300 | . | ‡a370 pages : ‡billustrations ; ‡c22 cm. | |
| 336 | . | ‡atext ‡btxt ‡2rdacontent | |
| 337 | . | ‡aunmediated ‡bn ‡2rdamedia | |
| 338 | . | ‡avolume ‡bnc ‡2rdacarrier | |
| 521 | 1 | . | ‡aAges 8-12. ‡bPenguin Random House |
| 521 | 2 | . | ‡aMiddle Grade. ‡bPenguin Random House |
| 520 | . | ‡aNow that the family reunion is over and the murderer has been caught, Shenanigan Swift can return to important projects, like searching for the long-lost family treasure. But trouble always finds Shenanigan, and when a valuable painting is stolen from Swift House by a group of eccentric art thieves known as Ouvolpo, she is determined to get it back -- even if it means chasing them all the way to Paris. A new adventure is about to begin, and Shenanigan's sleuthing skills will soon be tested like never before. | |
| 526 | 0 | . | ‡aAccelerated Reader ‡bMG ‡c6.1 ‡d14.0 ‡z550140 EN |
| 526 | 0 | . | ‡aAccelerated Reader AR ‡bMG ‡c6.1 ‡d14 ‡z550140. |
| 650 | 0. | ‡aDetectives ‡vJuvenile fiction. | |
| 650 | 0. | ‡aPrivate investigators ‡vJuvenile fiction. | |
| 650 | 0. | ‡aArt thieves ‡vJuvenile fiction. | |
| 650 | 0. | ‡aFamilies ‡vJuvenile fiction. ‡0(LARL_NWRL_CONSORTIUM)164956 | |
| 651 | 0. | ‡aParis (France) ‡vJuvenile fiction. | |
| 650 | 1. | ‡aDetectives ‡vFiction. | |
| 650 | 1. | ‡aPrivate investigators ‡vFiction. ‡0(LARL_NWRL_CONSORTIUM)166580 | |
| 650 | 1. | ‡aArt thefts ‡vFiction. ‡0(LARL_NWRL_CONSORTIUM)163200 | |
| 650 | 1. | ‡aRobbers and outlaws ‡vFiction. | |
| 650 | 1. | ‡aFamilies ‡vFiction. ‡0(LARL_NWRL_CONSORTIUM)164942 | |
| 651 | 1. | ‡aParis (France) ‡vFiction. ‡0(LARL_NWRL_CONSORTIUM)166700 | |
| 655 | 7. | ‡aHumorous fiction. ‡2lcgft | |
| 655 | 7. | ‡aDetective and mystery fiction. ‡2lcgft | |
| 655 | 7. | ‡aNovels. ‡2lcgft | |
| 655 | 7. | ‡aMystery fiction. ‡2gsafd | |
| 700 | 1 | . | ‡aPowell, Claire, ‡eillustrator. |
| 901 | . | ‡a450214 ‡bAUTOGEN ‡c450214 ‡tbiblio | |

Add to basket
Permalink
Disable Highlighting